| Поле | Инд. | ПП | Название | Значение |
|---|---|---|---|---|
| Тип записи | a | |||
| Библиографический уровень | m | |||
| 001 | Контрольный номер | bf88ee7f-a917-4e0d-aa25-8da6dddec49c | ||
| 005 | Дата корректировки | 20250822180007.6 | ||
| 008 | Кодируемые данные | 070220 | ||
| 020 | a | ISBN | 0-19-316308-X | |
| c | Цена, тираж | 7120.97 | ||
| 040 | a | Служба первич. каталог. | НБ ТвГУ | |
| 041 | 0_ | a | Код языка текста | eng |
| 080 | a | Индекс УДК | 78.03 | |
| 084 | a | Индекс другой классификации/Индекс ББК | Щ313(0) | |
| a | Индекс другой классификации/Индекс ББК | Щ313(0)45/5 | ||
| 090 | x | Авторский знак | N52 | |
| a | Полочн. индекс | Щ313(0) | ||
| 245 | 00 | a | Заглавие | The new Oxford history of music |
| n | Номер части/ раздела | Vol. 8 | ||
| p | Название части/ раздела | The age of Beethoven : 1790 - 1830 | ||
| c | Ответственность | ed. by Gerald Abraham | ||
| 260 | 0_ | a | Место издания | Oxford |
| a | Место издания | New York | ||
| b | Издательство | Oxford university press | ||
| c | Дата издания | 1998 | ||
| 300 | a | Объем | XIX,747 p. | |
| b | Иллюстрации/ тип воспроизводства | ill. | ||
| 500 | a | Примечание | НАСТОЯЩИЙ МАТЕРИАЛ (ИНФОРМАЦИЯ) ПРОИЗВЕДЕН, РАСПРОСТРАНЕН И (ИЛИ) НАПРАВЛЕН ИНОСТРАННЫМ АГЕНТОМ, ЯВЛЯЮЩИМСЯ УЧРЕДИТЕЛЕМ (ЧЛЕНОМ, УЧАСТНИКОМ, РУКОВОДИТЕЛЕМ ИЛИ ЛИЦОМ, ВХОДЯЩИМ В СОСТАВ ОРГАНА ЛИЦ УКАЗАНЫХ В ЧАСТИ 4 СТАТЬИ 9 ФЕДЕРАЛЬНОГО ЗАКОНА «О КОНТРОЛЕ ЗА ДЕЯТЕЛЬНОСТЬЮ ЛИЦ, НАХОДЯЩИХСЯ ПОД ИНОСТРАННЫМ ВЛИЯНИЕМ») ВКЛЮЧЕННОГО В РЕЕСТР ИНОСТРАННЫХ АГЕНТОВ | |
| 504 | a | Библиография | Bibliogr.: p. 659-721. - Ind.: p. 723-747. | |
| 583 | a | Действие | Получение впервые 31 20.02.2007 | |
| k | Исполнитель действия | Дар Оксфордско-Российского Фонда | ||
| 650 | 04 | a | Основная рубрика | Музыка |
| x | Основная подрубрика | История | ||
| y | Хронологическая подрубрика | 18-19 вв. | ||
| 653 | 0_ | a | Ключевые слова | Музыка |
| a | Ключевые слова | История музыки | ||
| a | Ключевые слова | Оксфордско-Российский фонд | ||
| 700 | 1_ | a | Другие авторы | Abraham Gerald |
| e | Роль лиц | ed. | ||
| 852 | 41 | t | Порядковый номер экземпляра | 1 |
| p | Инвентарный номер | 870353 | ||
| 888 | a | Бесплатные | ||
| 930 | a | Новая/Ретро | иностр | |
| a | Новая/Ретро | англ | ||
| 952 | p | 31.2007 7120.97 1 870353 | ||
| c | Вид литературы | К ин | ||
| 954 | a | Дата поступления на обработку | 20070302 | |
| 999 | a | Подразделение 2 | ч.з. |